LEADER 02327oam 2200649I 450 001 9910705637903321 005 20170522122739.0 035 $a(CKB)5470000002452019 035 $a(OCoLC)55856831 035 $a(EXLCZ)995470000002452019 100 $a20040707j200210 ua 0 101 0 $aeng 135 $aurbnu|||uuaun 181 $ctxt$2rdacontent 182 $cc$2rdamedia 183 $acr$2rdacarrier 200 10$aNOx emission reduction in commercial jets through water injection /$fVladimir Balepin, Chris Ossello and Chris Snyder 210 1$aCleveland Ohio :$cNational Aeronautics and Space Administration, Glenn Research Center,$dOctober 2002. 215 $a1 online resource (4 pages) $cillustrations 225 1 $aNASA/TM ;$v2002-211978 300 $a"October 2002." 300 $a"Prepared for the 38th Joint Propulsion Conference and Exhibit cosponsored by the AIAA, ASME, SAE, and ASEE, Indianapolis, Indiana, July 7-10, 2002." 300 $a"Performing organization: National Aeronautics and Space Administration, John H. Glenn Research Center at Lewis Field" Report documentation page. 300 $a"AIAA-2002-3623." 320 $aIncludes bibliographical references (page 4). 517 3 $aNitrogen oxide emission reduction in commercial jets through water injection 606 $aJet engines 606 $aAircraft exhaust emissions 606 $aAircraft exhaust emissions$2fast 606 $aJet engines$2fast 606 $aWater injection$2nasat 606 $aNitrogen oxides$2nasat 606 $aTurbofan engines$2nasat 615 0$aJet engines. 615 0$aAircraft exhaust emissions. 615 7$aAircraft exhaust emissions. 615 7$aJet engines. 615 7$aWater injection. 615 7$aNitrogen oxides. 615 7$aTurbofan engines. 700 $aBalepin$b Vladimir$01419319 702 $aOssello$b Chris 702 $aSnyder$b Christopher A. 712 02$aNASA Glenn Research Center, 801 0$bBUF 801 1$bBUF 801 2$bOCLCQ 801 2$bOCLCF 801 2$bOCLCO 801 2$bOCLCQ 801 2$bOCLCO 801 2$bOCLCQ 801 2$bGPO 906 $aBOOK 912 $a9910705637903321 996 $aNOx emission reduction in commercial jets through water injection$93533351 997 $aUNINA LEADER 03409nam 2200697Ia 450 001 9910140755103321 005 20200520144314.0 010 $a1-119-95698-6 010 $a1-282-77707-6 010 $a9786612777073 010 $a0-470-66953-5 010 $a0-470-66955-1 024 7 $a10.1002/9780470669532 035 $a(CKB)2670000000047884 035 $a(EBL)589189 035 $a(OCoLC)669513543 035 $a(SSID)ssj0000413861 035 $a(PQKBManifestationID)11249696 035 $a(PQKBTitleCode)TC0000413861 035 $a(PQKBWorkID)10384815 035 $a(PQKB)10973801 035 $a(MiAaPQ)EBC589189 035 $a(MiAaPQ)EBC4041254 035 $a(Au-PeEL)EBL589189 035 $a(CaPaEBR)ebr10419356 035 $a(NjHacI)992670000000047884 035 $a(BIP)029366969 035 $a(PPN)150162782 035 $a(EXLCZ)992670000000047884 100 $a20100409d2010 uy 0 101 0 $aeng 135 $aur|n|---||||| 181 $ctxt 182 $cc 183 $acr 200 04$aThe chemistry and biology of volatiles$b[electronic resource] /$feditor, Andreas Herrmann 210 $aHoboken $cWiley$d2010 210 1$aHoboken, New Jersey :$cWiley,$d2010. 210 4$dİ2010 215 $a1 online resource (430 p.) 300 $aDescription based upon print version of record. 311 $a0-470-77778-8 320 $aIncludes bibliographical references and index. 327 $aThe Chemistry and Biology of Volatiles; Contents; Foreword; List of Contributors; Acknowledgements; Abbreviations; 1 Volatiles - An Interdisciplinary Approach; 2 Biosynthesis and Emission of Isoprene, Methylbutanol and Other Volatile Plant Isoprenoids; 3 Analysis of the Plant Volatile Fraction; 4 Plant Volatile Signalling: Multitrophic Interactions in the Headspace; 5 Pheromones in Chemical Communication; 6 Use of Volatiles in Pest Control; 7 Challenges in the Synthesis of Natural and Non-Natural Volatiles; 8 The Biosynthesis of Volatile Sulfur Flavour Compounds 327 $a9 Thermal Generation of Aroma-Active Volatiles in Food10 Human Olfactory Perception; 11 Perfumery - The Wizardry of Volatile Molecules; 12 Microencapsulation Techniques for Food Flavour; 13 Profragrances and Properfumes; 14 Reactions of Biogenic Volatile Organic Compounds in the Atmosphere; Index 330 $a""Coming to a conclusion, this wonderful, informative and very interesting book presents an excellent overview of small volatile organic compounds and their role in our life and environment. Really fascinating is the entirety of scientific disciplines which were addressed by this book."" -Flavour and Fragrance Journal, 2011 ""... this book deserves to be a well-used reference in the library of any laboratory specialising in VOC"". -Chemistry World, 2011 Volatile compounds are molecules with a relatively low molecular weight allowing for an efficient evaporation into t 606 $aVolatile organic compounds 606 $aOrganic compounds 610 $aOrganic Compounds 610 $aScience 615 0$aVolatile organic compounds. 615 0$aOrganic compounds. 676 $a612/.0157 702 $aHerrmann$b Andreas 801 0$bMiAaPQ 801 1$bMiAaPQ 801 2$bMiAaPQ 906 $aBOOK 912 $a9910140755103321 996 $aThe chemistry and biology of volatiles$91938552 997 $aUNINA